Selecciones nacionales que han participado en la Copa del Mundo - Estadísticas

Estadísticas generales
  • Esta prueba ha sido intentada 15 veces
  • La puntuación promedio es 75 de 84
Estadísticas de respuestas
Continente Selección Número de ediciones Ediciones en las que ha participado % Correcto
Europa Alemania 21 1934, 1938, 1954, 1958, 1962, 1966, 1970, 1974, 1978, 1982, 1986, 1990, 1994, 1998, 2002, 2006, 2010, 2014, 2018, 2022, 2026
100%
Europa Alemania Oriental 1 1974
100%
América del Sur Argentina 20 1930, 1934, 1958, 1962, 1966, 1974, 1978, 1982, 1986, 1990, 1994, 1998, 2002, 2006, 2010, 2014, 2018, 2022, 2026, 2030
100%
Europa Austria 8 1934, 1954, 1958, 1978, 1982, 1990, 1998, 2026
100%
Europa Bélgica 15 1930, 1934, 1938, 1954, 1970, 1982, 1986, 1990, 1994, 1998, 2002, 2014, 2018, 2022, 2026
100%
América del Sur Brasil 23 1930, 1934, 1938, 1950, 1954, 1958, 1962, 1966, 1970, 1974, 1978, 1982, 1986, 1990, 1994, 1998, 2002, 2006, 2010, 2014, 2018, 2022, 2026
100%
África Cabo Verde 1 2026
100%
América del Sur Chile 9 1930, 1950, 1962, 1966, 1974, 1982, 1998, 2010, 2014
100%
Asia China 1 2002
100%
América del Sur Colombia 7 1962, 1990, 1994, 1998, 2014, 2018, 2026
100%
Asia Corea del Sur 12 1954, 1986, 1990, 1994, 1998, 2002, 2006, 2010, 2014, 2018, 2022, 2026
100%
Europa España 18 1934, 1950, 1962, 1966, 1978, 1982, 1986, 1990, 1994, 1998, 2002, 2006, 2010, 2014, 2018, 2022, 2026, 2030
100%
América del Norte Estados Unidos 12 1930, 1934, 1950, 1990, 1994, 1998, 2002, 2006, 2010, 2014, 2022, 2026
100%
Europa Francia 17 1930, 1934, 1938, 1954, 1958, 1966, 1978, 1982, 1986, 1998, 2002, 2006, 2010, 2014, 2018, 2022, 2026
100%
Asia Japón 8 1998, 2002, 2006, 2010, 2014, 2018, 2022, 2026
100%
América del Norte México 18 1930, 1950, 1954, 1958, 1962, 1966, 1970, 1978, 1986, 1994, 1998, 2002, 2006, 2010, 2014, 2018, 2022, 2026
100%
Europa Rusia 11 1958, 1962, 1966, 1970, 1982, 1986, 1990, 1994, 2002, 2014, 2018
100%
Europa Suecia 13 1934, 1938, 1950, 1958, 1970, 1974, 1978, 1990, 1994, 2002, 2006, 2018, 2026
100%
Europa Suiza 13 1934, 1938, 1950, 1954, 1962, 1966, 1994, 2006, 2010, 2014, 2018, 2022, 2026
100%
América del Sur Uruguay 16 1930, 1950, 1954, 1962, 1966, 1970, 1974, 1986, 1990, 2002, 2010, 2014, 2018, 2022, 2026, 2030
100%
África Argelia 5 1982, 1986, 2010, 2014, 2026
93%
América del Sur Bolivia 3 1930, 1950, 1994
93%
Europa Bosnia y Herzegovina 2 2014, 2026
93%
Asia Corea del Norte 2 1966, 2010
93%
África Costa de Marfil 4 2006, 2010, 2014, 2026
93%
Europa Croacia 7 1998, 2002, 2006, 2014, 2018, 2022, 2026
93%
Europa Dinamarca 6 1986, 1998, 2002, 2010, 2018, 2022
93%
América del Sur Ecuador 5 2002, 2006, 2014, 2026
93%
América del Norte El Salvador 2 1970, 1982
93%
Europa Eslovaquia 1 2010
93%
Europa Eslovenia 2 2002, 2010
93%
Europa Grecia 3 1994, 2010, 2014
93%
América del Norte Haití 2 1974, 2026
93%
Europa Inglaterra 17 1950, 1954, 1958, 1962, 1966, 1970, 1982, 1986, 1990, 1998, 2002, 2006, 2010, 2014, 2018, 2022, 2026
93%
Europa Islandia 1 2018
93%
Europa Italia 18 1934, 1938, 1950, 1954, 1962, 1966, 1970, 1974, 1978, 1982, 1986, 1990, 1994, 1998, 2002, 2006, 2010, 2014
93%
África Marruecos 8 1970, 1986, 1994, 1998, 2018, 2022, 2026, 2030
93%
Europa Noruega 4 1938, 1994, 1998, 2026
93%
Europa Países Bajos 12 1934, 1938, 1974, 1978, 1990, 1994, 1998, 2006, 2010, 2014, 2022, 2026
93%
América del Norte Panamá 2 2018, 2026
93%
América del Sur Paraguay 10 1930, 1950, 1958, 1986, 1998, 2002, 2006, 2010, 2026, 2030
93%
América del Sur Perú 5 1930, 1970, 1978, 1982, 2018
93%
Europa Polonia 9 1938, 1974, 1978, 1982, 1986, 2002, 2006, 2018, 2022
93%
África Senegal 4 2002, 2018, 2022, 2026
93%
África Sudáfrica 4 1998, 2002, 2010, 2026
93%
África Túnez 7 1978, 1998, 2002, 2006, 2018, 2022, 2026
93%
Europa Ucrania 1 2006
93%
Asia Arabia Saudí 8 1994, 1998, 2002, 2006, 2018, 2022, 2026, 2034
87%
Asia Australia 7 1974, 2006, 2010, 2014, 2018, 2022, 2026
87%
Europa Bulgaria 7 1962, 1966, 1970, 1974, 1986, 1994, 1998
87%
África Camerún 8 1982, 1990, 1994, 1998, 2002, 2010, 2014, 2022
87%
América del Norte Costa Rica 6 1990, 2002, 2006, 2014, 2018, 2022
87%
América del Norte Cuba 1 1938
87%
África Egipto 4 1934, 1990, 2018, 2026
87%
África Ghana 5 2006, 2010, 2014, 2022, 2026
87%
América del Norte Honduras 3 1982, 2010, 2014
87%
Europa Hungría 9 1934, 1938, 1954, 1958, 1962, 1966, 1978, 1982, 1986
87%
Asia Irak 2 1986, 2026
87%
Asia Irán 7 1978, 1998, 2006, 2014, 2018, 2022, 2026
87%
Oceanía Nueva Zelanda 3 1982, 2010, 2026
87%
Europa Portugal 10 1966, 1986, 2002, 2006, 2010, 2014, 2018, 2022, 2026, 2030
87%
Europa República Checa 10 1934, 1938, 1954, 1958, 1962, 1970, 1982, 1990, 2006, 2026
87%
África República Democrática del Congo 2 1974, 2026
87%
Europa Rumanía 7 1930, 1934, 1938, 1970, 1990, 1994, 1998
87%
Europa Serbia 13 1930, 1950, 1954, 1958, 1962, 1974, 1982, 1990, 1998, 2006, 2010, 2018, 2022
87%
Europa Turquía 3 1954, 2002, 2026
87%
Asia Uzbekistán 1 2026
87%
América del Norte Canadá 3 1986, 2022, 2026
80%
Europa Escocia 9 1954, 1958, 1974, 1978, 1982, 1986, 1990, 1998, 2026
80%
Europa Gales 2 1958, 2022
80%
Oceanía Indonesia 1 1938
80%
Europa Irlanda 3 1990, 1994, 2002
80%
Asia Israel 1 1970
80%
África Nigeria 6 1994, 1998, 2002, 2010, 2014, 2018
80%
África Togo 1 2006
80%
América del Norte Curazao 1 2026
73%
Asia Emiratos Árabes Unidos 1 1990
73%
Europa Irlanda del Norte 3 1958, 1982, 1986
73%
Asia Jordania 1 2026
73%
Asia Qatar 2 2022, 2026
73%
África Angola 1 2006
67%
América del Norte Jamaica 1 1998
67%
América del Norte Trinidad y Tobago 1 2006
67%
Asia Kuwait 1 1982
60%
No se encontraron pruebas coincidentes
Distribución de puntuación
Porcentaje de gente con cada puntuación
Porcentaje por número respondido
Historial de tus puntuaciones
No has intentado esta prueba.